02247nam a2200337 i 4500003000900000005001700009007000300026008004100029040003000070082001300100100004600113245013900159264003800298300003600336336002700372337003300399338002800432490001500460500007100475500003700546500002900583500003900612504003000651520097800681590002701659700005901686910001401745942001401759952011901773999001701892DO-SdBNP20231122140301.0ta130408s2011 dr c 001 0 spa d aDO-SdBNPbspacBNPHUerda 222bG934 aGuerrero Castro, Francisco,d1964-95399310aOrigen, desarrollo e identidad de Salvaleón de Higüey /cFrancisco Guerrero Castro ; prólogo Gregorio Nicanor Peña Rodríguez 1aSanto Domingo :bNacional,c2011. a904 páginasbretratosc23 cm. 2rdacontentatextobtxt 2rdamediaasin mediaciónbn 2rdacarrieravolumenbnc1 aProvincias aIncluye datos biografícos del autor en la solapa de la portada.  aÍndice onomástico presente.  aIncluye fotos del ayer.  aIncluye notas a pie de páginas.  aBibliografía p: 805-829 aEsta obra provee dos elementos inductores de satisfacción: por una parte el interesante contenido, tanto por su estructura como por la forma en que está redactada, amén del constante apoyo a la exposición de los conceptos con citas y fotos. La obra exhibe una bibliografía amplia y diferenciada al pie de página y un acápite con las obras consultadas durante toda la investigación. Tras una introducción explicativa, el autor realiza un sucinto repaso -desde sus orígenes hasta el siglo XXI- de la villa de Salvaleón de Higüey, desarrollando temas relevantes, novedosos por demás: los relativos a la preservación de la memoria histórica higüeyana y, principalmente, sobre Nuestra Señora de La Altagracia. La grandeza de la obra reside en la amplitud, responsabilidad y variedad de posibilidades gracias a la ardua labor de escritura desplegada, con la que logra su cometido de insertarnos en le origen, desarrollo e identidad de Higüey.  aInventariado, 2023/ YL1 aPeña Rodríguez, Gregorio Nicanoreprólogo984662 aYLockward 2ddccLBS1 00102ddc51708PDaBNPHUbBNPHUcCTd2023-08-15eIsabel Medinal0oG934p2023-7982r2023-11-22w2023-11-22yLBS1 c55562d55562